00601cam a22002051 450000100060000000300080000600500170001400800410003103500190007203500190009104000360011004100080014608200220015410000210017624500520019726000330024930000340028250400420031660000370035822101BD-RjUL20211209000751.0140306s1962 enkc 001 0 eng d a(BD-RjUL)22166 a(OCoLC)1465873 aDLCcCtUdUkdDLCdBD-RjULbeng aeng00a 891.73bHIU 19621 aHingley, Ronald.14aThe undiscovered Dostoyevsky /cRonald. Hingley aLondon :bH. Hamilton,c1962 aix, 241 p. :bport. ;c23 cm. aBibliography: p. [233]-235. and Index10aDostoyevsky, Fyodor,d1821-1881.